Introduction to hotel and resort management / (Record no. 293148)
[ view plain ]
| 000 -LEADER | |
|---|---|
| fixed length control field | 00618nam a2200229Ia 4500 |
| 008 - FIXED-LENGTH DATA ELEMENTS--GENERAL INFORMATION | |
| fixed length control field | 160404s9999 xx 000 0 und d |
| 020 ## - INTERNATIONAL STANDARD BOOK NUMBER | |
| International Standard Book Number | 978-971-584-958-6 |
| 050 ## - LIBRARY OF CONGRESS CALL NUMBER | |
| Classification number | FIL TX 901 |
| 050 ## - LIBRARY OF CONGRESS CALL NUMBER | |
| Item number | .S26 2010 c.1 |
| 100 ## - MAIN ENTRY--PERSONAL NAME | |
| Personal name | Santos, Buen. |
| 245 ## - TITLE STATEMENT | |
| Title | Introduction to hotel and resort management / |
| 245 ## - TITLE STATEMENT | |
| Statement of responsibility, etc | Buen Santos. |
| 260 ## - PUBLICATION, DISTRIBUTION, ETC. (IMPRINT) | |
| Place of publication, distribution, etc | Quezon City: |
| 260 ## - PUBLICATION, DISTRIBUTION, ETC. (IMPRINT) | |
| Name of publisher, distributor, etc | C & E Pub. Inc., |
| 260 ## - PUBLICATION, DISTRIBUTION, ETC. (IMPRINT) | |
| Date of publication, distribution, etc | 2010 |
| 300 ## - PHYSICAL DESCRIPTION | |
| Extent | 177 pages : |
| 300 ## - PHYSICAL DESCRIPTION | |
| Other physical details | color illustrations. ; |
| 300 ## - PHYSICAL DESCRIPTION | |
| Dimensions | 26 cm. |
| 500 ## - GENERAL NOTE | |
| General note | Includes bibliographical references. |
| 650 ## - SUBJECT ADDED ENTRY--TOPICAL TERM | |
| Topical term or geographic name as entry element | Hotel management. |
| 650 ## - SUBJECT ADDED ENTRY--TOPICAL TERM | |
| General subdivision | Resorts management. |
| Withdrawn status | Lost status | Damaged status | Home library | Current library | Shelving location | Date acquired | Total Checkouts | Full call number | Barcode | Date last seen | Price effective from | Koha item type |
|---|---|---|---|---|---|---|---|---|---|---|---|---|
| South Mansfield College | South Mansfield College | Filipiniana Section | 07/09/2012 | FIL TX 901 .S26 2010 c.1 | SMC05689 | 04/04/2016 | 04/04/2016 |